00587 2200229 4500001002100000005001500021035002000036008004100056245005100097100002100148250001100169260004200180300002700222020002200249084001600271082001000287650002000297990001000317990001000327990001000337990001000347INLIS00000000001203220260424111909 a0010-0426000003260424 e 0 ind 1 aSebab kita semua gila seks /cEster Pandiangan aEster Pandiangan aCet.10 aYogyakarta :bMojok Group 2021,c2021 ax, 216 hlm ;c13x19 cm a978-623-94979-7-2 a613.9 EST s a613.9 4aPendidikan Seks a58203 a58204 a58205 a58206